00830 2200277 4500001002100000005001700021008004100038020001800079035002400097082001200121090001900133100001700152245009900169250001100268260004100279300002800320500002700348500007900375650001600454700002000470850001500490980001300505985000600518986001300524999001500537YOGYA-0209000000332120090227020621.0 ind  a979-537-064-2 0010-020900000003321 a621.381 a621.381bSch E aSCHOMMERS, A aElektronika untuk pemulabeksperimen rangkaian DCcA. Schommers ; alih bahasa, Y. Budi Susanto aCet. 3 aJakartabElek Media Komputindoc1995 a... Volumebilusc20 cm aYang diterima : Vol. I aJudul asli : Starting electronics volu,e i : experiments with d.c circuits aElektronika aBUDI SUSANTO, Y aYOPDYOG[B] a13-02-06 a1 afwhRTREV a95P0070658